Statistiken für Länder Europas im Jahre 1848 (Mit Karte!)

Klicken Sie hier um das Quiz zu spielen!

Allgemein

  • Dieses Quiz wurde 95 mal gespielt
  • Das Durchschnittsergebnis liegt bei 39 aus 49

Antworten auf der Karte

Die Antworten werden auf der Karte rot bzw. grün angezeigt, abhängig davon wie oft sie richtig erraten wurden.
Laden ...
 

Antwortstatistiken

Country% Korrekt
Portugal
100%
Preußen
100%
Frankreich
100%
Vereinigtes Königreich
100%
Niederlande
100%
Spanien
100%
Dänemark
100%
Schweden
100%
Osmanisches Reich
99%
Schweiz
99%
Russisches Kaiserreich
99%
Griechenland
97%
Belgien
97%
Bayern
96%
Norwegen
96%
Kaisertum Österreich
96%
Sachsen-Coburg und Gotha
92%
Sachsen-Weimar-Eisenach
92%
Königreich {beider} {Sizilien}
92%
Sachsen-Meiningen
92%
Sachsen-Altenburg
92%
Luxemburg
89%
Baden
89%
Sachsen
89%
Sardinien
86%
Hamburg
85%
Württemberg
85%
Andorra
84%
Holstein
82%
Landgrafschaft {Hessen}-{Darmstadt}
80%
Bremen
80%
Mecklenburg-Schwerin
78%
Kirchenstaat
78%
Mecklenburg-Strelitz
77%
Kurfürstentum {Hessen}
77%
Monaco
73%
Hannover
70%
San Marino
68%
Montenegro
62%
Liechtenstein
57%
Lübeck
55%
Frankfurt am Main
53%
Toskana
53%
Anhalt
53%
Braunschweig
50%
Krakau
32%
Nassau
26%
Parma
18%
Modena
14%

Verteilung der Resultate

Perzentil nach korrekt beantworteten Fragen

Anzahl Personen mit jedem Resultat

Ihre Resultats-Entwicklung

Sie haben dieses Quiz noch nicht gespielt